Német sebész-professzor látogatása Szegeden
Elmentve itt :
| Dokumentumtípus: | Cikk |
|---|---|
| Megjelent: |
1954-06-18
|
| Sorozat: | Délmagyarország
|
| Kulcsszavak: | Egyetemtörténet külföldi vendég 1954 |
| Online Access: | http://dmarchiv.bibl.u-szeged.hu/35290 |
| LEADER | 00432nab a2200145 i 4500 | ||
|---|---|---|---|
| 001 | delm35290 | ||
| 005 | 20180927112843.0 | ||
| 008 | 180927s1954 hu o 0|| hun d | ||
| 040 | |a SZTE Délmagyarország Archívum |b hun | ||
| 041 | |a hun | ||
| 245 | 0 | 0 | |a Német sebész-professzor látogatása Szegeden |h [elektronikus dokumentum] |
| 260 | |c 1954-06-18 | ||
| 300 | |a 3 | ||
| 490 | 0 | |a Délmagyarország | |
| 695 | |a Egyetemtörténet külföldi vendég 1954 | ||